Normal view
MARC view
- NS Syed Adil Shah NS Muhammad Taha Qureshi GC Saad Atiq
Entry Personal Name
001 - CONTROL NUMBER
- control field: 73081
003 - CONTROL NUMBER IDENTIFIER
- control field: NUST
005 - DATE AND TIME OF LATEST TRANSACTION
- control field: 20210628204950.0
008 - FIXED-LENGTH DATA ELEMENTS
- fixed length control field: 210628|| aca||aabn | a|a d
040 ## - CATALOGING SOURCE
- Original cataloging agency: NUST
- Transcribing agency: NUST
100 ## - HEADING--PERSONAL NAME
- Personal name: NS Syed Adil Shah NS Muhammad Taha Qureshi GC Saad Atiq
670 ## - SOURCE DATA FOUND
- Source citation: Work cat.: (NUST): NS Syed Adil Shah NS Muhammad Taha Qureshi GC Saad Atiq, PR-SOF-1933-Design, Analysis and Fabrication of Compliant, Robust, Lightweight and Low Cost Prosthetic Hand, 2020
